000 006610000a22002170004500
090 _aMM
_b00170
245 1 0 _aColombia un país irrepetible
_sintroducción a los ecosistemas tropicales
300 _bCD-ROM
650 1 4 _aEcosistemas tropicales
_93564
650 1 4 _aMapa de ecosistemas
_92961
650 1 4 _aEcosistemas terrestres
_9100942
650 1 4 _aEcosistemas acuáticos
_992352
650 1 4 _aServicios ambientales
_994060
650 1 4 _aAplicaciones multimedia
_9100943
651 4 _pColombia
_992749
041 0 _aEspañol
044 _aColombia
110 1 _aUniversidad Nacional de Colombia
_965
260 _aBogotá
_bIDEA
_c2003
942 _cCD-ROM
999 _c16546
_d16546